Ranas Centrolenidae de Colombia II., nuevas especies de Centrolene de la Cordillera Oriental y Sierra Nevada de Santa Marta (Registro nro. 15212)

Detalles MARC
000 -CABECERA
Campo de control 004320000a22001210004500
090 ## - CLASIFICACIÓN LOCAL
Colección AS
Consecutivo Seriadas
041 0# - IDIOMA
Código de idioma para texto/pista de sonido o título separado
100 1# - ASIENTO PRINCIPAL--NOMBRE PERSONAL
Nombre personal Ruiz Carranza, Pedro M.
245 10 - MENCION DE TITULO
Título Ranas Centrolenidae de Colombia II., nuevas especies de Centrolene de la Cordillera Oriental y Sierra Nevada de Santa Marta
700 1# - ASIENTO SECUNDARIO - NOMBRE PERSONAL
Nombre personal Lynch, John D.
773 1# - Item fuente:
Título Lozania: Acta Zoológica Colombiana
Especificación de materiales 375
Descripción física 58
Paginas del Articulo 1-26
Lugar, editorial y fecha de publicación 1991
942 ## - ELEMENTOS ADICIONALES (KOHA)
Tipo de ítem Artículo

No hay ítems disponibles.